Entrepreneurship in tourism & hospitality/ (Record no. 6147)

MARC details
000 -LEADER
fixed length control field 00747nam a22002177a 4500
003 - CONTROL NUMBER IDENTIFIER
control field OSt
005 - DATE AND TIME OF LATEST TRANSACTION
control field 20251124163946.0
008 - FIXED-LENGTH DATA ELEMENTS--GENERAL INFORMATION
fixed length control field 251124b |||||||| |||| 00| 0 eng d
020 ## - INTERNATIONAL STANDARD BOOK NUMBER
International Standard Book Number 9786214180950
040 ## - CATALOGING SOURCE
Original cataloging agency DWCL-Main lib
Transcribing agency OC
082 ## - DEWEY DECIMAL CLASSIFICATION NUMBER
Classification number Fil. 338.4791 O81e 2020
100 ## - MAIN ENTRY--PERSONAL NAME
Personal name Osorno, Rene D.
245 ## - TITLE STATEMENT
Title Entrepreneurship in tourism & hospitality/
Statement of responsibility, etc. Rene D. Osorno
260 ## - PUBLICATION, DISTRIBUTION, ETC.
Place of publication, distribution, etc. [ place of publication not identified] :
Name of publisher, distributor, etc. Wiseman's books trading, inc.,
Date of publication, distribution, etc. c2020.
300 ## - PHYSICAL DESCRIPTION
Extent ii, 70 pages : illustrations ; 26cm.
Other physical details illustrations ;
Dimensions 26cm.
504 ## - BIBLIOGRAPHY, ETC. NOTE
Bibliography, etc. note Includes bibliographical references
650 ## - SUBJECT ADDED ENTRY--TOPICAL TERM
Topical term or geographic name entry element 1. Entrepreneurship
650 ## - SUBJECT ADDED ENTRY--TOPICAL TERM
Topical term or geographic name entry element 2. Tourism-- Management
700 ## - ADDED ENTRY--PERSONAL NAME
Personal name Grayfield Bajao
942 ## - ADDED ENTRY ELEMENTS (KOHA)
Source of classification or shelving scheme Dewey Decimal Classification
Koha item type Book-Filipiniana
Call number prefix Fil.
Suppress in OPAC No
952 ## - LOCATION AND ITEM INFORMATION (KOHA)
--
Holdings
Withdrawn status Lost status Source of classification or shelving scheme Damaged status Not for loan Home library Current library Shelving location Date acquired Source of acquisition Cost, normal purchase price Total Checkouts Full call number Barcode Date last seen Copy number Price effective from Koha item type Uniform Resource Identifier
    Dewey Decimal Classification     College Library College Library Filipiniana 09/29/2021 School Fund 250.00   Fil. 338.4791 O81e 2020 52951 11/24/2025 c2 11/24/2025 BK - FIL